000 00355nam a22001337a 4500
008 230703b xxu||||| |||| 00| 0 eng d
020 _a43420952X
082 _a352.3
_bDRU
100 _cpeter F Drucker
245 _aManaging For Results
_bEconomic Tasks and Risk-taking Decisions
260 _aLondon
_bHeinemann
_c1964
300 _a224p
942 _2ddc
_cBK
999 _c3248
_d3248